00644nam a2200133Ia 4500008004100000100003200041245018700073245010200260260005300362260000900415300001000424650001500434856006100449170221s9999 xx 000 0 und d aAbdulrahman Ahmad Al Ghamdi 4aThe Moderating Role of Knowledge Management on the Relationship between Employees’ Commitment and Total Quality Management: A Study on the Public Healthcare Sector in Saudi Arabia  cAbdulrahman Ahmad Al Ghamdi, Fadzli Shah bin Abd. Aziz, Rushami Zien Yusoff, Munauwar bin Mustafa bInternational Review of Management and Marketing c2016 a6 : 4 xMarketing. uhttp://www.econjournals.com/index.php/irmm/issue/view/88